000 00870nam a2200265 i 4500
001 bg
100 1 _aIgnatowicz, Jerzy
_d(1914-1997).
245 1 0 _aPrawo rodzinne /
_cJerzy Ignatowicz, Mirosław Nazar.
250 _aStan prawny na 15 lutego 2005 roku.
260 _aWarszawa :
_bWydaw. Prawnicze "LexisNexis",
_c2005.
300 _a376 s. ;
_c24 cm.
504 _aBibliogr. s. 38-39. Indeks.
650 9 _aPrawo rodzinne
_zPolska
_ystan na 2005 r.
655 _aPodręczniki akademickie
700 1 _aNAZAR, Mirosław
015 _aPB 6379/2005
020 _a8373344284
040 _cBPK
041 0 _apol
080 _a347.61/.64(438)(075.8)
920 _a83-7334-428-4
942 _cKS
008 s pl f |000 0 pol
999 _c51099
_d51099
856 _uhttp://koha.tu.koszalin.pl/cgi-bin/koha/opac-detail.pl?biblionumber=51099
_yKatalog online BPK